Was vorhaben muss man : Aphorismen /

Bibliographic Details
Main Author: Hochhuth, Rolf
Other Authors: Ranke-Heinemann, Uta, 1927-
Format: Book
Language:German
Published: Reinbek bei Hamburg : Rowohlt, [2012]
Edition:1. Aufl.
Subjects:

MARC

Tag First Indicator Second Indicator Subfields
LEADER 00000cam a2200000 a 4500
001 in00002784845
005 20150922144823.0
008 120928s2012 gw 000 1 ger d
020 |a 9783498030032 (hd.bd.) 
020 |a 3498030035 (hd.bd.) 
035 |a (OCoLC)ocn811590585 
040 |a OHX  |c OHX  |d TJC  |d VVC  |d TXA  |d UtOrBLW 
049 |a TXAM 
090 |a PT2668.O3  |b W38 2012 
100 1 |a Hochhuth, Rolf. 
245 1 0 |a Was vorhaben muss man :  |b Aphorismen /  |c Rolf Hochhuth ; mit einem Nachwort von Uta Ranke-Heinemann. 
250 |a 1. Aufl. 
264 1 |a Reinbek bei Hamburg :  |b Rowohlt,  |c [2012] 
264 4 |c ©2012 
300 |a 139 pages :  |b illustrations ;  |c 23 cm. 
336 |a text  |b txt  |2 rdacontent 
337 |a unmediated  |b n  |2 rdamedia 
338 |a volume  |b nc  |2 rdacarrier 
650 0 |a Conduct of life  |v Miscellanea. 
650 0 |a Political science  |x Philosophy  |v Miscellanea. 
650 0 |a Art  |v Miscellanea. 
655 0 |a Aphorisms and apothegms. 
700 1 |a Ranke-Heinemann, Uta,  |d 1927- 
948 |a cataloged  |b h  |c 2012/11/20  |d c  |e dmitchel  |f 9:30:20 am 
994 |a C0  |b TXA 
999 |a MARS 
999 f f |s 6497f4bb-94d7-381f-99bc-3905835b6918  |i 2a4d21b8-9f82-30e5-87f5-bea18a5b326f  |t 0 
952 f f |p normal  |a Texas A&M University  |b College Station  |c Sterling C. Evans Library  |d Evans: Library Stacks  |t 0  |e PT2668.O3 W38 2012  |h Library of Congress classification  |i unmediated -- volume  |m A14838750563 
998 f f |a PT2668.O3 W38 2012  |t 0  |l Evans: Library Stacks